• 首页
  • 本馆介绍
  • 公告通知
  • 最新文献
  • 馆藏检索
  • 电子资源
  • 读者导购
  • 参考咨询
  • 我的图书馆
  • 登录
  • 详细信息显示
  • 放入我的书架
  • 预约/预借图书
  • 作者相关作品
  • 分类相关作品
  • 丛书相关作品
  • 出版社相关作品

书目信息

  • 表格格式
  • 工作单格式
  • 卡片格式
题名:
电子计算机应用数学
    
 
作者: 潘德惠 主编
分册: 第二册  
出版信息: 北京   冶金工业出版社  1981.8
页数: 319页
开本: 26cm
丛书名:
单 册:
中图分类: O29:TP3
科图分类:
主题词: 电子计算机-应用数学--高等学校--数材 , 应用数学-电子计算机--高等学校--数材 , 应用数学 , 数学--应用
电子资源:
ISBN:
000 00780nam0 2200277 45
001 0179008450
005 20040519110435.5
010    @dCNY2.10
091    @a15062.3730
100    @a19950801d1981 em y0chiy0121 ea
101 0  @achi
102    @aCN@b110000
105    @ay z 000yy
106    @ar
200 10 @a电子计算机应用数学@Adian zi ji suan ji ying yong shu xue@h第二册@f潘德惠主编@FPan De Hui Zhu Bian
210    @a北京@c冶金工业出版社@d1981.8
215    @a319页@d26cm
300    @a高等学校教学用书
606    @a电子计算机-应用数学@x高等学校@x数材
606    @a应用数学-电子计算机@x高等学校@x数材
606 0  @a应用数学
606 0  @a数学@x应用
690    @aO29:TP3
701  0 @a潘德惠@4主编
801  0 @aCN@bNLC@c20040519
905    @f1@b165260@dO29:TP3@e9:2
    
    电子计算机应用数学.第二册/潘德惠主编.-北京:冶金工业出版社,1981.8
    319页;26cm
    高等学校教学用书
    
    ISBN :CNY2.10
    
●
相关链接 在E读中查询图书 在五车中查询图书 在当当中查询图书 在豆瓣中查询图书


正题名:电子计算机应用数学     索取号:O29:TP3/9:2         预约/预借

序号 登录号 条形码 馆藏地/架位号 状态 备注
1 0165260   001446750   第三借阅区/ [索取号:O29:TP3/9:2] 在馆    
2 0165261   001446769   第二样本阅览室/ [索取号:O29:TP3/9:2] 在馆    
唐山师范学院图书馆 欢迎您!
大连网信软件有限公司© 版权所有